000
00321nam a22001457a 4500
008
231102b ||||| |||| 00| 0 eng d
020
_a
0262070944
041
_a
eng
080
_a
521
082
_a
521 GAR
100
_a
19
101
_a
ASTRO
245
_a
MAXWELL ON MOLECULES AND GASES
_c
GARBER.E
942
_2
udc
_c
BK
999
_c
60493
_d
60493